Quiz Cultura Generale - Quiz n°100 - Statistics

Statistiche generali
  • Questo quiz è stato fatto 174 volte
  • Il punteggio medio è 9 su 15
Statistiche sulle risposte
Domanda Risposta % Corretto
Com'è detto un periodo di tempo lungo 100 anni? Secolo
97%
A quale razza appartengono i cani del film "La carica dei cento e uno"? Dalmata
92%
Quale lettera corrisponde al numero cento per gli antichi romani? C
89%
Come si traduce il termine "cento" in inglese? One hundred
88%
Chi ha stabilito il primato mondiali dei 100 metri piani maschili con un tempo di 9:58? Usain Bolt
79%
Quale scala di temperatura fissa il 100esimo grado come punto di ebollizione dell'acqua? Celsius
77%
Quale squadra italiana è stata la prima a terminare un campionato di Serie A con almeno 100 punti? Juventus
74%
Quale Regno si oppose a quello di Francia nella Guerra dei cent'anni? Regno di Inghilterra
72%
Quanti sono i numeri divisori di 100? 9
60%
In quale regione si trova la città di Cento? Emilia-Romagna
58%
Quale ramo del Congresso degli Stati Uniti è formato da 100 membri? Senato
41%
Com'è anche definita l'unità di misura dell'area di un quadrato con lato lungo 100 metri? Ettaro
38%
Chi ha scritto "Cent'anni di solitudine"? Gabriel García Márquez
29%
Chi è stato l'unico cestista NBA a registrare 100 punti in una sola partita? Wilt Chamberlain
27%
Quale padre fondatore americano è raffigurato sulla banconota da 100 dollari? Benjamin Franklin
23%
Nessun quiz corrispondente trovato
Distribuzione punteggi
Percentuale di utenti per punteggio
Percentile per numero di risposta
I tuoi punteggi nel tempo
Non hai fatto questo quiz